| 000 | 01562nam a22004697a 4500 | ||
|---|---|---|---|
| 005 | 20260210145015.0 | ||
| 008 | 170713b2014 xxu||||| |||| 00| 0 spa d | ||
| 020 | _a9786071502766 | ||
| 041 | _aESP | ||
| 082 | _a658.8 C359m16 | ||
| 100 |
_aCateora, Philip _943366 |
||
| 100 |
_aGillys, Mary _943367 |
||
| 100 |
_aGraham, John _943368 |
||
| 245 | _aMarketing internacional | ||
| 260 | _aMéxico | ||
| 260 | _bMcGraw-Hill | ||
| 260 | _c2014 | ||
| 300 | _a626 páginas | ||
| 505 | _aParte 1. Perspectiva general. Parte 2. Entorno cultural de los mercados globales. Parte 3. Evaluación de las oportunidades en el mercado global. Parte 4. Desarrollo de estrategias globales de marketing. Parte 5. Implementación de estrategias globales de marketing. Parte 6. Manual de paises. | ||
| 650 | _aMARKETING | ||
| 650 | _aMERCADEO DE EXPORTACIÓN | ||
| 650 | _aCOMERCIO GLOBAL | ||
| 650 | _aMARKETING INTERNACIONAL | ||
| 650 | _aNEGOCIOS GLOBALES | ||
| 650 | _aEXPORTACIÓN | ||
| 650 | _aEVALUACIÓN DE MERCADOS | ||
| 650 | _aINVESTIGACIONES DE MERCADO | ||
| 650 | _aEMPRESAS INTERNACIONALES | ||
| 650 | _aMARKETING GLOBAL | ||
| 650 | _aPERSPECTIVAS GENERALES | ||
| 650 | _aEVALUACIÓN DE OPORTUNIDADES | ||
| 650 | _aESTRATEGIAS GLOBALES | ||
| 650 | _aCOMPETENCIA GLOBAL | ||
| 650 | _aPRODUCTOS | ||
| 650 | _aSERVICIOS | ||
| 650 | _aPRECIOS | ||
| 650 | _aÉTICA | ||
| 650 | _aESTRUCTURAS MERCADOLÓGICOS CAMBIENTES | ||
| 650 | _aNEGOCIACIONES | ||
| 650 | _aEVOLUCIÓN DE LOS COMUNICACIONES | ||
| 942 |
_cBK _2ddc |
||
| 999 |
_c9633 _d9633 |
||